01601nam a2200337 a 450000500170000000800410001704000270005804100080008504400070009308200190010011000450011924501320016426001060029630000450040265000230044765000210047065000290049165000310052065000140055165000430056565000240060865000180063266200130065070000200066370000290068394200150071299900150072795201750074295201720091795201740108920160130161623.0160114b ck ||||gra 00| 0 spa d aCO-BoIAVH cCO-BoIAVH 0 aspa ack04a363.7285bM66m2 bColombia.aMinisterio del Medio Ambiente10aSaberlo hacer :bManejo integrado de residuos sólidos municipales /cUniversidad de los Andes, Ministerio del Medio Ambiente. aBogotá :bUniversidad de los Andes :bMinisterio del Medio Ambiente ,c[Sin fecha de publicación] a186 páginas :bIlustraciones ;c28 cm.14aResiduos sólidos24aResiduos urbanos24aRecolección de basuras24aAlmacenamiento de residuos24aReciclaje16aManejo integrado de desechos sólidos26aRellenos sanitarios 6aIncineradores aColombia1 aCarmona, Cenith1 aGiraldo Gómez, Eugenio cLIBRO2ddc c2647d2647 00102ddc40708GENERALIINV2017aBogotabBogotad2002-06-05eInstitutog39000.00l0oLB-363.7285 M66mp003239r2012-12-04 00:00:00tEj. 1w2012-12-04xDonaciónyLIBRO 00102z40708GENERALIINV2017aVenadobVenadod2002-12-12eInstitutog39000.00l0oLB-363.7285 M66mp003240r2012-12-04 00:00:00tEj.2w2012-12-04xDonaciónyLIBRO 00102ddc40708GENERALIINV2017aBogotabBogotad2004-06-28eInstitutog39000.00l0oLB-363.7285 M66mp016150r2012-12-04 00:00:00tEj.2w2012-12-04xDonaciónyLIBRO